000
00330nam a22001457a 4500
003
SGT
020
_a
938426646-9
082
_a
615.1
_b
AHI
100
_a
AHIRRAO, DR. R.A.
245
_a
PHARMACEUTICAL REGULATORY SCIENCE
260
_a
INDIA
_b
BIRLA PUB.
_c
2024
300
_a
136
650
_a
PHARMACEUTICAL
942
_2
ddc
_c
BK
999
_c
32976
_d
32976